| 000 | 01507cam a22002054a 4500 | ||
|---|---|---|---|
| 005 | 20250605164221.0 | ||
| 008 | 250528s ||||||||||||||||||||||||d | ||
| 035 | _a20679 | ||
| 020 | _a443074305 | ||
| 040 |
_aGR-AtMCL _bgre _dGR-AtMCL _eAACR2 |
||
| 245 | 1 | _aResearch Methods for Clinical Therapists / Applied Project Design and Analysis: Fourth Edition | |
| 250 | _a4th | ||
| 260 |
_bChurchill Livingstone, _c2004 |
||
| 300 | _a340 | ||
| 520 | _aThis book focuses on how to set up a research project, following good design principles, and how to analyze and interpret the data, using various statistical techniques. Preface, Acknowledgements, Basic Principles of Research, Introduction, Research Design and Statistics: Some Basic Concepts, Questionnaires and Surveys and Sampling, The Nature of the Data, Techniques of Descriptive Statistics, Testing Hypotheses, Design Your Study, Sources of Error in Research, Matching the Research Design to the statistical Test, Putting the Theory Into Practice, Writing up the Research for Publication, Reading Published Research Critically, Statistical Tests, Non-Parametrics Tests for Same and Matched Subject Designs, Parametric Tests for Same and Matched Subject Designs, Non-Parametric Tests for Different (unrelated) Subject Designs, Estimation, Research Applications, Attitude Scales, Repertory Grid Analysis, The Delphi Technique, Appendices, Glossary, Index. | ||
| 700 | 1 |
_aHicks Carolyn _9376 |
|
| 942 | _cBK | ||
| 999 |
_c5765 _d5765 |
||